[Event "Mittelfranken-chT 0405"]
[Site "Germany"]
[Date "2005.03.13"]
[Round "7.2"]
[White "Kroneder, Hans Christian"]
[Black "Simic, Milan"]
[Result "1/2-1/2"]
[WhiteElo "2065"]
[BlackElo "2184"]
[PlyCount "48"]
[EventDate "2004.10.17"]
[EventType "team"]
[EventRounds "9"]
[EventCountry "GER"]
[SourceTitle "EXT 2007"]
[Source "ChessBase"]
[SourceDate "2006.11.23"]
[SourceVersion "1"]
[SourceVersionDate "2006.11.23"]
[SourceQuality "1"]

1. Nf3 Nf6 2. c4 e6 3. Nc3 d5 4. d4 Be7 5. Bg5 h6 6. Bh4 0-0 7. e3 b6 8. Be2 Bb7 9. Bxf6 Bxf6 10. cxd5 exd5 11. 0-0 Nd7 12. Qb3 c6 13. Rad1 Qe7 14. Rfe1 Rfe8 15. Bd3 Qf8 16. Bb1 g6 17. h4 Qg7 18. e4 dxe4 19. Nxe4 Be7 20. h5 Kh8 21. Ng3 Bf6 22. Ne4 Be7 23. Ng3 Bf6 24. Ne4 Be7 1/2-1/2

[Event "Mittelfranken-chT 0405"]
[Site "Germany"]
[Date "2005.02.27"]
[Round "6.2"]
[White "Vogiatzis, Dimitrios"]
[Black "Kroneder, Hans Christian"]
[Result "1-0"]
[WhiteElo "1968"]
[BlackElo "2065"]
[PlyCount "59"]
[EventDate "2004.10.17"]
[EventType "team"]
[EventRounds "9"]
[EventCountry "GER"]
[SourceTitle "EXT 2007"]
[Source "ChessBase"]
[SourceDate "2006.11.23"]
[SourceVersion "1"]
[SourceVersionDate "2006.11.23"]
[SourceQuality "1"]

1. e4 c5 2. b4 cxb4 3. a3 d5 4. exd5 Qxd5 5. Nf3 e5 6. axb4 Bxb4 7. Ba3 Nc6 8. Bxb4 Qe4+ 9. Be2 Qxb4 10. Nc3 Nf6 11. 0-0 0-0 12. Re1 e4 13. Ra4 Qb2 14. Nxe4 Nxe4 15. Rxe4 Bf5 16. Rc4 a5 17. c3 Rfe8 18. d4 Be6 19. Rc5 a4 20. d5 Red8 21. Bd3 Rxd5 22. Rxd5 Bxd5 23. Bxh7+ Kxh7 24. Qxd5 Kg8 25. Ng5 Qb3 26. Qe4 g6 27. Qh4 Ne7 28. Qh7+ Kf8 29. Qh8+ Ng8 30. Nh7# 1-0

[Event "Mittelfranken-chT 0405"]
[Site "Germany"]
[Date "2004.11.07"]
[Round "2.2"]
[White "Seyb, Dieter"]
[Black "Kroneder, Hans Christian"]
[Result "1/2-1/2"]
[WhiteElo "2191"]
[BlackElo "2065"]
[PlyCount "121"]
[EventDate "2004.10.17"]
[EventType "team"]
[EventRounds "9"]
[EventCountry "GER"]
[SourceTitle "EXT 2007"]
[Source "ChessBase"]
[SourceDate "2006.11.23"]
[SourceVersion "1"]
[SourceVersionDate "2006.11.23"]
[SourceQuality "1"]

1. e4 c5 2. Nf3 Nc6 3. d4 cxd4 4. Nxd4 Nf6 5. Nc3 e5 6. Ndb5 d6 7. Bg5 a6 8. Na3 b5 9. Bxf6 gxf6 10. Nd5 f5 11. c3 fxe4 12. Bxb5 Bd7 13. Qa4 axb5 14. Qxa8 Qxa8 15. Nc7+ Kd8 16. Nxa8 Ne7 17. Nb6 Bc6 18. c4 b4 19. Nc2 Kc7 20. Nd5+ Bxd5 21. cxd5 Nxd5 22. 0-0 Bh6 23. Rfe1 f5 24. Ne3 Nxe3 25. fxe3 d5 26. Kf2 d4 27. exd4 exd4 28. Rad1 Be3+ 29. Rxe3 dxe3+ 30. Kxe3 Ra8 31. Rd4 Rxa2 32. Rxb4 h5 33. Rb5 Kd6 34. Rxf5 Rxb2 35. Rg5 Ke6 36. Kxe4 Kf6 37. Rg8 Rb4+ 38. Kf3 Rb3+ 39. Kf2 Rb2+ 40. Kg3 Rb4 41. h4 Rb3+ 42. Kh2 Rb5 43. g3 Rb2+ 44. Kh3 Rb5 45. Rf8+ Kg6 46. Kg2 Rb2+ 47. Rf2 Rb5 48. Re2 Kf5 49. Kf3 Rb3+ 50. Kf2 Rb5 51. Rd2 Ra5 52. Rd8 Rb5 53. Rg8 Kf6 54. Rc8 Ra5 55. Rc6+ Kg7 56. Kf3 Ra3+ 57. Kf4 Ra4+ 58. Kf5 Ra5+ 59. Ke6 Ra3 60. Rc7+ Kg6 61. Ke5 1/2-1/2

[Event "Mittelfranken-ch HT 52nd"]
[Site "Uttenreuth"]
[Date "2003.04.16"]
[Round "3"]
[White "Horstmann, Sven"]
[Black "Kroneder, Hans Christian"]
[Result "1/2-1/2"]
[WhiteElo "1846"]
[BlackElo "2146"]
[PlyCount "44"]
[EventDate "2003.04.15"]
[EventType "swiss"]
[EventRounds "9"]
[EventCountry "GER"]
[SourceTitle "EXT 2011"]
[Source "ChessBase"]
[SourceDate "2010.11.26"]
[SourceVersion "1"]
[SourceVersionDate "2010.11.26"]
[SourceQuality "1"]

1. e4 c5 2. Nc3 Nc6 3. g3 g6 4. Bg2 Bg7 5. d3 e6 6. Be3 d6 7. Qd2 Nd4 8. Nd1 Ne7 9. c3 Ndc6 10. Bh6 Bf6 11. h4 d5 12. Qe2 dxe4 13. dxe4 Ne5 14. Nf3 Ng4 15. Bd2 Nc6 16. Ne3 Nge5 17. Nxe5 Nxe5 18. Bf1 b6 19. f4 Nd7 20. e5 Bb7 21. Bg2 Bxg2 22. Qxg2 Be7 1/2-1/2

[Event "Mittelfranken-ch HT 52nd"]
[Site "Uttenreuth"]
[Date "2003.04.16"]
[Round "4"]
[White "Kroneder, Hans Christian"]
[Black "Strobel, Norbert"]
[Result "1/2-1/2"]
[WhiteElo "2146"]
[BlackElo "2029"]
[PlyCount "83"]
[EventDate "2003.04.15"]
[EventType "swiss"]
[EventRounds "9"]
[EventCountry "GER"]
[SourceTitle "EXT 2011"]
[Source "ChessBase"]
[SourceDate "2010.11.26"]
[SourceVersion "1"]
[SourceVersionDate "2010.11.26"]
[SourceQuality "1"]

1. Nf3 d5 2. d4 c6 3. c4 Nf6 4. Nc3 e6 5. Bg5 Nbd7 6. e3 Qa5 7. Bxf6 Nxf6 8. Nd2 Bb4 9. Qc2 0-0 10. Be2 Bd7 11. 0-0 c5 12. Nb3 Qc7 13. dxc5 dxc4 14. Bxc4 Bxc5 15. Nxc5 Qxc5 16. Bb3 Bc6 17. Nd5 Nd7 18. Qxc5 Nxc5 19. Ne7+ Kh8 20. Nxc6 Nxb3 21. axb3 bxc6 22. Rfc1 Rfb8 23. Rxc6 Rxb3 24. Rxa7 Rd8 25. g3 Kg8 26. Rcc7 Rf8 27. Rab7 Rd3 28. Kf1 g5 29. Ke2 Rd5 30. e4 Rd4 31. Ke3 Rd1 32. Kf3 Kg7 33. b4 Kg6 34. b5 h5 35. h3 Rb1 36. Rd7 Rb3+ 37. Ke2 g4 38. hxg4 hxg4 39. Rd3 Rb2+ 40. Rd2 Rb4 41. Ke3 Rc8 42. Rbd7 1/2-1/2

[Event "Mittelfranken-ch HT 52nd"]
[Site "Uttenreuth"]
[Date "2003.04.15"]
[Round "1"]
[White "Mais, Michael"]
[Black "Kroneder, Hans Christian"]
[Result "1/2-1/2"]
[WhiteElo "1990"]
[BlackElo "2146"]
[PlyCount "67"]
[EventDate "2003.04.15"]
[EventType "swiss"]
[EventRounds "9"]
[EventCountry "GER"]
[SourceTitle "EXT 2011"]
[Source "ChessBase"]
[SourceDate "2010.11.26"]
[SourceVersion "1"]
[SourceVersionDate "2010.11.26"]
[SourceQuality "1"]

1. d4 d5 2. e3 Nf6 3. Bd3 c5 4. c3 Nc6 5. Nd2 e5 6. dxe5 Nxe5 7. Bc2 Bd6 8. Ngf3 Bg4 9. h3 Bh5 10. Ba4+ Nc6 11. Bxc6+ bxc6 12. Qa4 Qc7 13. Nh4 Qd7 14. 0-0 0-0 15. e4 Rfe8 16. exd5 cxd5 17. Qxd7 Nxd7 18. Nf5 Bf8 19. Nb3 Bg6 20. Ne3 Nb6 21. Bd2 Rad8 22. Rfe1 Na4 23. Na5 Nxb2 24. Nc6 Rd7 25. Ng4 Rxe1+ 26. Rxe1 f6 27. Re6 Bf5 28. Re8 Kf7 29. Ra8 Bd6 30. Ne3 Be6 31. Nd8+ Ke7 32. Nc6+ Kf7 33. Nd8+ Ke7 34. Nc6+ 1/2-1/2

[Event "Mittelfranken-ch HT 51st"]
[Site "Zirndorf"]
[Date "2002.??.??"]
[Round "7"]
[White "Kroneder, Hans Christian"]
[Black "Ross, Thomas"]
[Result "1-0"]
[WhiteElo "2069"]
[BlackElo "1920"]
[PlyCount "73"]
[EventDate "2002.03.26"]
[EventType "swiss"]
[EventRounds "9"]
[EventCountry "GER"]
[SourceTitle "EXT 2011"]
[Source "ChessBase"]
[SourceDate "2010.11.26"]
[SourceVersion "1"]
[SourceVersionDate "2010.11.26"]
[SourceQuality "1"]

1. e4 Nf6 2. e5 Nd5 3. d4 d6 4. Nf3 Bg4 5. Be2 e6 6. c4 Nb6 7. exd6 cxd6 8. 0-0 Be7 9. Be3 0-0 10. Nc3 a6 11. Qb3 Qc7 12. Rac1 N6d7 13. Na4 Nc6 14. Rfd1 f5 15. d5 Bxf3 16. gxf3 Nce5 17. dxe6 f4 18. exd7 fxe3 19. Qxe3 Qa5 20. f4 Rf5 21. Nb6 Raf8 22. Nd5 Bh4 23. c5 Qd8 24. cxd6 Qxd7 25. Ne7+ Bxe7 26. dxe7 Qxe7 27. fxe5 Rxf2 28. Rf1 Rxf1+ 29. Rxf1 Rxf1+ 30. Bxf1 g6 31. Bc4+ Kg7 32. e6 b5 33. Qd4+ Kh6 34. Qe3+ Kg7 35. Bd3 Kf6 36. Qf4+ Kg7 37. Qf7+ 1-0

[Event "Mittelfranken-ch HT 51st"]
[Site "Zirndorf"]
[Date "2002.??.??"]
[Round "1"]
[White "Veselinovic, Denis"]
[Black "Kroneder, Hans Christian"]
[Result "1/2-1/2"]
[WhiteElo "1810"]
[BlackElo "2069"]
[PlyCount "33"]
[EventDate "2002.03.26"]
[EventType "swiss"]
[EventRounds "9"]
[EventCountry "GER"]
[SourceTitle "EXT 2011"]
[Source "ChessBase"]
[SourceDate "2010.11.26"]
[SourceVersion "1"]
[SourceVersionDate "2010.11.26"]
[SourceQuality "1"]

1. d4 d5 2. c4 c6 3. Nc3 Nf6 4. Bg5 Nbd7 5. e3 e6 6. cxd5 exd5 7. Bd3 Be7 8. Qc2 0-0 9. Nge2 Re8 10. 0-0-0 b5 11. f3 Qa5 12. h4 c5 13. Bxb5 Rb8 14. Qa4 Qb6 15. Qc2 cxd4 16. exd4 Qa5 17. Qa4 1/2-1/2

[Event "Mittelfranken-ch HT 50th"]
[Site "Buechenbach"]
[Date "2001.??.??"]
[Round "7"]
[White "Kroneder, Hans Christian"]
[Black "Horstmann, Sven"]
[Result "1-0"]
[WhiteElo "2155"]
[BlackElo "1637"]
[PlyCount "33"]
[EventDate "2001.04.10"]
[EventType "swiss"]
[EventRounds "9"]
[EventCountry "GER"]
[SourceTitle "EXT 2011"]
[Source "ChessBase"]
[SourceDate "2010.11.26"]
[SourceVersion "1"]
[SourceVersionDate "2010.11.26"]
[SourceQuality "1"]

1. e4 e6 2. d3 d5 3. Nd2 dxe4 4. dxe4 Nf6 5. Ngf3 b6 6. c3 Be7 7. Be2 0-0 8. 0-0 Bb7 9. Qc2 c5 10. e5 Nd5 11. Ne4 f5 12. exf6 Bxf6 13. Neg5 Re8 14. Qxh7+ Kf8 15. Qh5 Kg8 16. Qf7+ Kh8 17. Rd1 1-0